000 00595nam a2200241 a 4500
001 nice12345678
003 IN_TiNIC
005 20260116015053.0
008 050524s1982 newa grp 000 0 eng
020 _a
_c100
082 0 0 _a236.9
_bBOU
100 _aBoulding, Maria
245 _aComing of God
260 _aNew Delhi
_bCentre for Women`s Development Studies
_c1982
300 _a208p
500 _aincludes index and biblioraphy
505 2 _aIndex
650 _aJesus Christ-Second Coming
700 1 _aBoulding, Maria
902 _bSRS
942 _cBK
999 _c18188
_d18188